000 00294nam a22001337a 4500
008 170502b xxu||||| |||| 00| 0 eng d
020 _a9780130797711
041 _aeng
080 _a373.9
100 _a13
101 _aSHJ
245 _aBASIC CRIMINAL LAW
_cDAVENPORT, A.U
942 _2udc
_cBK
999 _c12341
_d12341